Viaje a Chile: relación del viaje a Chile, año de 1600, contenida en la crónica de viaje intitulada: A través de la América del Sur

Saved in:
書目詳細資料
主要作者: Ocaña, Diego de (autor)
格式: 圖書
語言:西班牙语
出版: Santiago Universitaria 1995
叢編:Colección Escritores Coloniales, 14
主題:
標簽: 添加標簽
沒有標簽, 成為第一個標記此記錄!

MARC

LEADER 00000nam a2200000 a 4500
001 UCL2838
003 CL-VaPUC
008 031107e19950000CL |||||||||||||||||spa|d
020 |a 9561112051 
082 0 4 |a 983.04  |b OCA  |2 21 
100 |a Ocaña, Diego de  |e autor  |9 479968 
245 1 0 |a Viaje a Chile: relación del viaje a Chile, año de 1600, contenida en la crónica de viaje intitulada: A través de la América del Sur 
300 |a 75 p 
942 |c BK 
945 |d 20031107 00:00:00  |a cmena 
260 |a Santiago  |b Universitaria  |c 1995 
650 0 |a Historia de Chile  |9 265473 
650 0 |a Colonización  |9 265172 
650 0 |a Relatos de viajes  |9 445424 
583 |a last modification  |c 20031107 00:00:00  |k Rodrigo Vera 
490 0 |a Colección Escritores Coloniales, 14 
999 |c 306015  |d 306013 
952 |0 0  |1 0  |4 0  |6 983_040000000000000_OCA_1995  |7 0  |8 A  |9 370653  |a BIBEDU  |b BIBEDU  |d 2019-11-21  |i 3947610  |o 983.04 OCA 1995  |p 3947610  |r 2019-11-21  |w 2019-11-21  |y BK  |k LIT